Microbiology (Record no. 1413)

MARC details
000 -LEADER
fixed length control field 00811 a2200217 4500
005 - DATE AND TIME OF LATEST TRANSACTION
control field 20081008144231.0
008 - FIXED-LENGTH DATA ELEMENTS--GENERAL INFORMATION
fixed length control field 080822t xxu||||| |||| 00| 0 eng d
010 ## - LCCN (DPL NO)
LC control number ENG-85123
020 ## - INTERNATIONAL STANDARD BOOK NUMBER
International Standard Book Number 8131300048
Terms of availability 995.00
035 ## - SYSTEM CONTROL NUMBER
System control number EN-68656
037 ## - SOURCE OF ACQUISITION
Source of stock number/acquisition D.B.Act / Pub
082 ## - DEWEY DECIMAL CLASSIFICATION NUMBER
Classification number 576
100 ## - MAIN ENTRY--PERSONAL NAME
Personal name Rajvaidya, Neelima
245 ## - TITLE STATEMENT
Title Microbiology
Statement of responsibility, etc byNeelima Rajvaidya and Dilip Kumar Markandey
260 ## - PUBLICATION, DISTRIBUTION, ETC. (IMPRINT)
Place of publication, distribution, etc New Delhi
Name of publisher, distributor, etc APH Publishing Corporatioon
Date of publication, distribution, etc 2007
270 ## - ADDRESS
Address 5, Ansari Road, Darya Ganj
City New Delhi
Postal code 110 002
Electronic mail address aphbooks@vsnl.net
Telephone number 011 23274050
300 ## - PHYSICAL DESCRIPTION
Extent xii,633p.
Other physical details 22cm. (Hb)
700 ## - ADDED ENTRY--PERSONAL NAME
Personal name Markandey, Dilip Kumar
942 ## - ADDED ENTRY ELEMENTS (KOHA)
Institution code [OBSOLETE] dpl
Item type English Books
Call number prefix 576 / RAJ
Source of classification or shelving scheme Dewey Decimal Classification
Classification part 576
Call number suffix RAJ
Holdings
Withdrawn status Lost status Damaged status Not for loan Home library Current library Date acquired Cost, normal purchase price Total Checkouts Full call number Barcode Date last seen Copy number Cost, replacement price Koha item type
        D.B.Act.Division D.B.Act.Division 22/08/2008 995.00   576 RAJ EN- 68656 15/09/2008 1 995.00 English Books

© Delhi Public Library
Hit Counter
free hit counter